000 00530nam a2200181Ia 4500
003 GCL
008 140319s9999 xx 000 0 ara d
040 _aGCL /
_cGCL
082 0 4 _aق
_b339.4
_bع م
100 1 _aعلى اسماعيل
245 1 0 _aمستقبل السياحة واثرها فى الاقتصاد القومى /
_cعلى اسماعيل
300 _a238
490 _aكتاب
_v0
650 0 4 _aالسياحة
650 0 4 _aالدخل القومى
650 0 4 _aالسياحة والدولة
942 _2ddc
_cBK
999 _c43267
_d43267